Több új szakon elsőként adtak át okleveleket az SZTE Mezőgazdasági Kar 69. Diplomaátadóján

Elmentve itt :
Bibliográfiai részletek
Dokumentumtípus: Cikk
Megjelent: 2026-02-10
Sorozat:SZTE Info
Kulcsszavak:Mezőgazdasági Kar - MGK, Rendezvény - Diplomaátadó Ünnepi Tanácsülés - 69., Bessenyei Ferenc Művelődési Központ - Hódmezővásárhely, Mikó Edit - dékán, Széll Márta - stratégiai rektorhelyettes, Végzett egyetemi hallgatók, Végzett külföldi egyetemi hallgatók
Online Access:http://univ.bibl.u-szeged.hu/76681
LEADER 01022nab a2200157 i 4500
001 univ76681
005 20260211100125.0
008 260211s2026 hu o 000 hun d
040 |a SZTE UnivHistória Repozitórium  |b hun 
041 |a hun 
245 0 0 |a Több új szakon elsőként adtak át okleveleket az SZTE Mezőgazdasági Kar 69. Diplomaátadóján  |h [elektronikus dokumentum] 
260 |c 2026-02-10 
490 0 |a SZTE Info 
561 |a Egyetemi hirarchívum 
695 |a Mezőgazdasági Kar - MGK, Rendezvény - Diplomaátadó Ünnepi Tanácsülés - 69., Bessenyei Ferenc Művelődési Központ - Hódmezővásárhely, Mikó Edit - dékán, Széll Márta - stratégiai rektorhelyettes, Végzett egyetemi hallgatók, Végzett külföldi egyetemi hallgatók 
856 4 0 |u http://univ.bibl.u-szeged.hu/76681/1/Szegedi%20Tudom%C3%A1nyegyetem%20_%20T%C3%B6bb%20%C3%BAj%20szakon%20els%C5%91k%C3%A9nt%20adtak%20%C3%A1t%20okleveleket%20az%20SZTE%20Mez%C5%91gazdas%C3%A1gi%20Kar%2069.%20Diploma%C3%A1tad%C3%B3j%C3%A1n.pdf  |z Dokumentum-elérés